Copenhagen Metro Stations - Statistics

General Stats
  • This quiz has been taken 560 times
    538 since last reset
  • The average score is 25 of 44
Answer Stats
Metro Station % Correct
Nørreport
85%
Kongens Nytorv
84%
Frederiksberg
76%
Nørrebro
76%
Christianshavn
73%
Østerport
73%
Vanløse
72%
København H
68%
Amagerbro
66%
Kastrup
66%
Amager Strand
65%
Forum
65%
Vestamager
65%
Ørestad
64%
Gammel Strand
63%
Marmorkirken
63%
DR Byen
61%
Nordhavn
61%
Rådhuspladsen
61%
Flintholm
60%
Islands Brygge
60%
Lufthavnen
59%
Bella Center
57%
Orientkaj
57%
Øresund
55%
Femøren
54%
Frederiksberg Allé
54%
Trianglen
54%
Lergravsparken
53%
Nørrebros Runddel
52%
Enghave Plads
51%
Fasanvej
50%
Nuuks Plads
50%
Lindevang
49%
Sundby
48%
Poul Henningsens Plads
46%
Aksel Møllers Have
43%
Vibenshus Runddel
43%
Ny Ellebjerg
41%
Skjolds Plads
41%
Mozarts Plads
39%
Sluseholmen
37%
Enghave Brygge
35%
Havneholmen
35%
No matching quizzes found
Score Distribution
Percent of People with Each Score
Percentile by Number Answered
Your Score History
You have not taken this quiz since the last reset